| 000 | 00742cam a2200229 a 4500 | ||
|---|---|---|---|
| 001 | 000011813 | ||
| 005 | 20200929162557.0 | ||
| 008 | 771006s1979 sp b 000 0 spa | ||
| 020 | _a8437600979 | ||
| 040 |
_aDO-SdBNP _bspa _cLC _dBNPHU |
||
| 082 |
_a465 _bR621e |
||
| 100 | 1 |
_aRivero, María Luisa. _927969 |
|
| 245 | 1 | 0 |
_aEstudios de gramática generativa del español / _cMaría Luisa Rivero. |
| 250 | _a2a ed. | ||
| 260 |
_aMadrid : _bCátedra, _c1979. |
||
| 300 |
_a161 p. ; _c22 cm. |
||
| 490 | 1 | _aGramática Generativa Transformacional del Español | |
| 650 | 0 |
_aEspañol _xGramatica generativa _927970 |
|
| 830 | 0 |
_aGramática Generativa Transformacional del Español _927971 |
|
| 910 | _aCatalogación derivada | ||
| 049 | _aBNGR | ||
| 999 |
_c11487 _d11487 |
||